000 00966cam a22003017a 4500
003 CHAP
005 20220817042937.0
008 971013s1994 r 00010 d
010 _a60758
011 _a61730
035 _a65898
040 _cCHAP
100 0 0 _aHerrera Castro, Natividad Delfina.
_954846
245 1 4 _aLos huertos familiares mayas en el oriente de Yucatán
260 _c1994
490 0 _aEtnoflora yucatanense
_v; 9
590 _aBATCH-UPD
_b10
_c20130110
_lUCH01
_h0455
590 _aBATCH-UPD
_b10
_c20130110
_lUCH01
_h2337
590 _aBATCH-UPD
_b10
_c20130410
_lUCH01
_h0133
590 _aBATCH-UPD
_b10
_c20130914
_lUCH01
_h1611
590 _aCONVERSION
_b10
_c20130109
_lUCH01
_h1333
710 0 _aUniversidad Autónoma de Yucatán.
830 0 _aEtnoflora yucatanense
_v; 9
_938650
852 2 _yISSUE
_d2012-12-17
_503
901 _aBK
942 _cISSUE
949 _bBC
_cPS
_d-150518
_ePS
_i65898
_si
999 _c60758
_d60758